000 00542nam a2200181Ia 4500
003 OSt
005 20260331103056.0
008 211028s2010 xx 000 0 und d
040 _cAIMIT LIBRARY
041 _aeng
082 _a658.8 POOA
100 _aPoonja, Abhijeeth;Shanbhag, Santhosh.
_g816096
_96655
245 _aAn analysis of price versus occupancy in order to maximum revenue for mango suites, Mangalore /
260 _bShanbhag, Santhosh
_c2010
600 _aMarketing
_96656
650 _aMarketing
_96657
942 _2ddc
_cPRO
999 _c218310
_d218310